<?xml version="1.0" encoding="UTF-8"?>
<record
    xmlns:xsi="http://www.w3.org/2001/XMLSchema-instance"
    xsi:schemaLocation="http://www.loc.gov/MARC21/slim http://www.loc.gov/standards/marcxml/schema/MARC21slim.xsd"
    xmlns="http://www.loc.gov/MARC21/slim">

  <leader>01238cam a2200241   4500</leader>
  <controlfield tag="001">agr09002193 </controlfield>
  <controlfield tag="003">DLC</controlfield>
  <controlfield tag="005">20260227110929.0</controlfield>
  <controlfield tag="008">891102m18041905fr cf         00110 fre  </controlfield>
  <datafield tag="010" ind1=" " ind2=" ">
    <subfield code="a">agr09002193 //r942</subfield>
  </datafield>
  <datafield tag="040" ind1=" " ind2=" ">
    <subfield code="a">DLC</subfield>
    <subfield code="c">DLC</subfield>
    <subfield code="d">DLC</subfield>
  </datafield>
  <datafield tag="050" ind1="0" ind2="0">
    <subfield code="a">S515</subfield>
    <subfield code="b">.S47 1804</subfield>
  </datafield>
  <datafield tag="082" ind1="0" ind2="0">
    <subfield code="a">630</subfield>
    <subfield code="2">20</subfield>
  </datafield>
  <datafield tag="100" ind1="1" ind2="0">
    <subfield code="a">Serres, Olivier de,</subfield>
    <subfield code="d">1539-1619.</subfield>
  </datafield>
  <datafield tag="245" ind1="1" ind2="3">
    <subfield code="a">Le th&#xE9;&#xE2;tre d'agriculture et mesnage des champs, d'Olivier de Serres, seigneur du Pradel;</subfield>
    <subfield code="b">dans lequel est repr&#xE9;sent&#xE9; tout ce qui est requis et n&#xE9;cessaire pour bien dresser, gouverner, enrichir et embellir la maison rustique. Nouvelle &#xE9;d. conforme au texte, augm. de notes et d'un vocabulaire;</subfield>
    <subfield code="c">pub. par la Soci&#xE9;t&#xE9; d'agriculture du D&#xE9;partement de la Seine.</subfield>
  </datafield>
  <datafield tag="260" ind1="0" ind2=" ">
    <subfield code="a">Paris,</subfield>
    <subfield code="b">Madame Huzard,</subfield>
    <subfield code="c">1804-05.</subfield>
  </datafield>
  <datafield tag="300" ind1=" " ind2=" ">
    <subfield code="a">2 v.</subfield>
    <subfield code="b">fronts. (t. 1, port.) 16 pl.</subfield>
    <subfield code="c">28 cm.</subfield>
  </datafield>
  <datafield tag="500" ind1=" " ind2=" ">
    <subfield code="a">"Notice bibliographique des diff&#xE9;rentes &#xE9;ditions du Th&#xE9;&#xE2;tre d'agriculture d'Olivier de Serres, par J.B. Huzard": t. 2, p.xxi-xlii.</subfield>
  </datafield>
  <datafield tag="500" ind1=" " ind2=" ">
    <subfield code="a">Includes index.</subfield>
  </datafield>
  <datafield tag="650" ind1=" " ind2="0">
    <subfield code="a">Agriculture</subfield>
    <subfield code="x">Early works to 1800.</subfield>
  </datafield>
  <datafield tag="700" ind1="1" ind2="1">
    <subfield code="a">Machen, Lewis H.</subfield>
    <subfield code="q">(Lewis Henry),</subfield>
    <subfield code="d">1790-1863,</subfield>
    <subfield code="e">former owner.</subfield>
    <subfield code="5">DLC</subfield>
  </datafield>
  <datafield tag="710" ind1="2" ind2="1">
    <subfield code="a">Thomas Jefferson Library Collection Supplement (Library of Congress)</subfield>
    <subfield code="5">DLC</subfield>
  </datafield>
  <datafield tag="999" ind1=" " ind2=" ">
    <subfield code="c">7715</subfield>
    <subfield code="d">7715</subfield>
  </datafield>
</record>
